000 01029nam a2200241 i 4500
001 bg
100 1 _aSENDERSKI, Andrzej
245 1 0 _aSterowanie pozycyjne napędem elektrycznym z ograniczonym zrywem /
_cAndrzej Senderski.
246 1 1 _aPosition control of the electrical drive with bounded jerk
260 _aKraków :
_bUczelniane Wydawnictwa Naukowo-Dydaktyczne AGH,
_c1998.
300 _a151, [1] s. :
_bwykr. ;
_c24 cm.
490 1 _aRozprawy, Monografie / [Akademia Górniczo-Hutnicza im. Stanisława Staszica] =
_aDissertations, Monographies,
_x0867-6631 ;
_v70
500 _aTyt. równol. : Position control of the electrical drive with bounded jerk. - Streszcz. ang.
504 _aBibliogr. s. 146-[152].
650 9 _aNapęd elektryczny
_xautomatyzacja
650 9 _aSterowanie
_xteoria
830 0 _aRozprawy, Monografie ([Akademia Górniczo-Hutnicza im. Stanisława Staszica]) ;
_v70
040 _cBPK
041 0 _apl
_ben
080 _a62-83-52
942 _cKS
008 s pl f |000 0 pol
999 _c38340
_d38340
856 _uhttp://koha.tu.koszalin.pl/cgi-bin/koha/opac-detail.pl?biblionumber=38340
_yKatalog online BPK